| 000 | 01795nam2a22002651 4500 | ||
|---|---|---|---|
| 001 | rc\2361440 | ||
| 005 | 20250623052648.0 | ||
| 035 | _a(NLR Aleph) 006595646 | ||
| 090 |
_a7193409 _c7193409 |
||
| 100 | _a20110829d1977 |||y0rusy50 ca | ||
| 101 | 0 | _arus | |
| 102 | _aRU | ||
| 105 | _aa z ||||| | ||
| 200 | 1 | _aВыбор проектных параметров двигательных установок с жидкостными ракетными двигателями | |
| 210 |
_d1977 _aБ. м. |
||
| 215 |
_a80 с. _cил. |
||
| 320 | _aБиблиогр.: с. 79 | ||
| 333 | _aДСП | ||
| 461 | 0 |
_1001rc\2361439 _12001#$aПроектирование двигательных установок летательных аппаратов с жидкостными ракетными двигателями$e[Учеб. пособие]$eЧ. 1-$fМ-во высш. и сред. спец. образ. СССР. Моск. авиац. ин-т им. Серго Орджоникидзе$vЧ. 1 _1700#1$aНовиков$bВ. Н.$f1930-$gВладимир Николаевич$cканд. техн. наук, летат. аппараты$3RU\NLR\AUTH\770244011 _97193400 _aНовиков, В. Н. (канд. техн. наук, летат. аппараты ; 1930-) _cМосква _d1977 _fМ-во высш. и сред. спец. образ. СССР. Моск. авиац. ин-т им. Серго Орджоникидзе _nБ. и. _o[Учеб. пособие] : Ч. 1- _tПроектирование двигательных установок летательных аппаратов с жидкостными ракетными двигателями _vЧ. 1 |
|
| 801 | 0 |
_aRU _bNLR _gpsbo |
|
| 801 | 1 |
_aRU _bELAR _2rusmarc |
|
| 852 |
_aNLR _j77-50к/690 |
||
| 942 | _cBOOK | ||
| 980 | _aNB | ||